000 00617nam a22001937a 4500
999 _c11561
_d11561
003 AR-CdUCM
008 190404b ||||| |||| 00| 0 spa d
040 _aMUNICIPALIDAD PROVINCIAL DEL CUSCO
_cBIBLIOTECA MUNICIPAL DEL CUSCO
082 _a869.008 /
_bG166 / 1941
100 _aGallegos, Romulo
_9251
245 _aCanaima
260 _aBuenos Aires :
_bEspasa,
_c1941.
300 _a304 páginas ;
_c18 cm.
505 _aPórtico -- Por un camino antes la vida -- Los ardavines -- Las palabras mágicas...
650 _aLiteratura.
_983
650 _aObra literaria.
_9308
942 _2ddc
_cLIBROS
945 _awfj